Held on the occasion of the 55th anniversary of founding the Faculty of Mechanical Engineering of the VSB - Technical University of Ostrava : Proceedings. Session 8 - Applied mechanics

Enregistré dans:
Détails bibliographiques
Collectivité auteur: International scientific conference Ostrava, Czech republic
Format: Actes de congrès Livre
Langue:anglais
Publié: Ostrava : VŠB-Technická univerzita Ostrava, 2005
Sujets:
Tags: Ajouter un tag
Pas de tags, Soyez le premier à ajouter un tag!

MARC

LEADER 00000nam a22000003a 4500
001 stu95696
005 20150408182105.8
008 050928s2005----xr------------------eng-d
020 |a 80-248-0889-7 
040 |a STU  |b slo 
041 0 |a eng 
044 |a xr 
080 |a 531/534  |7 stu_us_auth*stu7969 
080 |a (063) 
111 2 |a International scientific conference  |d (Sept. 7-9, 2005 :  |c Ostrava, Czech republic) 
245 |a Held on the occasion of the 55th anniversary of founding the Faculty of Mechanical Engineering of the VSB - Technical University of Ostrava :  |b Proceedings. Session 8 - Applied mechanics 
260 |a Ostrava :  |b VŠB-Technická univerzita Ostrava,  |c 2005 
300 |a 491 s  |c 1 CD 
650 7 |a aplikovaná mechanika  |2 stusub 
650 7 |a mechanika  |2 stusub 
996 |b 284M062703  |c M*Z-2664  |l MMKN  |s A  |a 24  |w stu95696_0001 
996 |b 284M062704  |c M*CD-663  |l MMKN  |s A  |a 24  |w stu95696_0002